De la Casa de Caritat al Centre de Cultura Contemporània [Enregistrament de vídeo] : 1802 - 1994 1802 - 1994
Descripción Física:
1 videocasset (VHS) 15 min
MARC
| LEADER | 00000nam a2200000Ia 4500 | ||
|---|---|---|---|
| 001 | 20893 | ||
| 008 | 160829s9999 xx 000 0 cat d | ||
| 080 | |a VID-14 | ||
| 245 | |a De la Casa de Caritat al Centre de Cultura Contemporània [Enregistrament de vídeo] : |b 1802 - 1994 | ||
| 250 | |a Ed. en català | ||
| 260 | |a Barcelona : |b Centre de Cultura Contemporània de Barcelona, [199- ?] | ||
| 300 | |a 1 videocasset (VHS) 15 min | ||
| 610 | 2 | 0 | |a Casa de Caritat (Barcelona, Catalunya) |x Història |9 54320 |
| 650 | |a Centre de Cultura Contemporània de Barcelona |x Història |9 41245 | ||
| 710 | |a Casa de Caritat (Barcelona, Catalunya) |9 52406 | ||
| 710 | 2 | |a Centre de Cultura Contemporània de Barcelona |9 52510 | |
| 901 | |a Arxiu | ||
| 942 | |n 1 | ||
| 952 | |0 0 |1 0 |4 0 |6 VID14 |7 1 |9 50109 |a Arxiu |b Arxiu |d 2016-12-01 |l 0 |o VID-14 |p 20893 |r 2016-12-01 00:00:00 |w 2016-12-01 |y ARXIU | ||
| 999 | |c 53951 |d 53951 | ||